000 02821nam a22006137a 4500
001 16829567
003 OSt
005 20210709074234.0
008 110616s2017 iluak b 000 0 eng c
010 _a 2011932202
020 _a9780878226832
035 _a(OCoLC)ocn760179432
040 _aOKS
_beng
_cOKS
_dIAL
_dYDXCP
_dOSU
_dOCLCF
_dTXI
_dOCLCO
_dOCL
_dDLC
041 _aeng
042 _apcc
043 _an-us---
050 0 0 _aLC4019
_b.M37 2012
080 _a37
_bM-44
100 1 _aMcGinnis-Smith, Ellen,
_eauthor.
245 1 0 _aSkillstreaming Children and Youth with High-Functioning Autism: A Guide for Teaching Prosocial Skills
_c/ by: Research Press
260 _aChampaign, Ill.
_bResearch Press
_cc2017
300 _axvii, 363 p.
_c28 cm. +
_e1 CD-ROM (4 3/4 in.)
365 _b49.99 usd
500 _a"The Arnold P. Goldstein approach"--Cover.
504 _aIncludes bibliographical references (p. 369-380).
520 _aSkillstreaming the elementary school child employs a four-part training approach: modeling, role-playing, performance feedback, and generalization which teach essential prosocial skills to elementary-age children. This book provides a complete description of the Skillstreaming program with instructions for teaching 60 prosocial skills.
650 0 _aProblem children
_xEducation (Elementary)
_zUnited States.
650 0 _aEducation
_9318
650 0 _aAutism
_91431
650 0 _aInterpersonal communication in children.
650 0 _aBehavior modification
_zUnited States.
650 0 _aSocial skills
_xStudy and teaching (Elementary)
650 0 _aInteraction analysis in education.
650 0 _aChild psychology.
650 0 _aChildren with disabilities
_xEducation.
650 7 _aBehavior modification.
_2fast
_0(OCoLC)fst00829918
650 7 _aChild psychology.
_2fast
_0(OCoLC)fst00854540
650 7 _aChildren with disabilities
_xEducation.
_2fast
_0(OCoLC)fst00855556
650 7 _aInteraction analysis in education.
_2fast
_0(OCoLC)fst00975973
650 7 _aInterpersonal communication in children.
_2fast
_0(OCoLC)fst00977369
650 7 _aProblem children
_xEducation (Elementary)
_2fast
_0(OCoLC)fst01077849
650 7 _aSocial skills
_xStudy and teaching (Elementary)
_2fast
_0(OCoLC)fst01123335
651 7 _aUnited States.
_2fast
_0(OCoLC)fst01204155
653 _aგანათლება
653 _aსოციალური ურთიერთობები
653 _aბავშვთა ფსიქოლოგია
653 _aქცევის მართვა
653 _aაუტიზმი
700 _91432
_aSimpson, L. Richard
906 _a7
_bcbc
_cpccadap
_d2
_eepcn
_f20
_gy-gencatlg
942 _2udc
_cBK
999 _c2248
_d2248